• 首页
  • 本馆介绍
  • 公告通知
  • 最新文献
  • 馆藏检索
  • 电子资源
  • 读者导购
  • 参考咨询
  • 我的图书馆
  • 登录
  • 详细信息显示
  • 放入我的书架
  • 预约/预借图书
  • 作者相关作品
  • 分类相关作品
  • 丛书相关作品
  • 出版社相关作品

书目信息

  • 表格格式
  • 工作单格式
  • 卡片格式
题名:
方言视域中的文学湘军
    
 
作者: 董正宇 著
分册:  
出版信息: 北京   中国社会科学出版社  2008.06
页数: 282页
开本: 24cm
丛书名:
单 册:
中图分类: I045
科图分类:
主题词: 湘语--文学创作--研究--中国--现代 , 湘语 , 文学创作
电子资源:
ISBN: 978-7-5004-6764-9
000 01278nam0 2200277 450
001 003948818
005 20100325104215.09
010    @a978-7-5004-6764-9@dCNY30.00
100    @a20081221d2008 em y0chiy0110 ea
101 0  @achi
102    @aCN@b110000
105    @ay z 000yy
106    @ar
200 1  @a方言视域中的文学湘军@9fang yan shi yu zhong de wen xue xiang jun@e现代湘籍作家“泛方言写作”现象研究@f董正宇著
210    @a北京@c中国社会科学出版社@d2008.06
215    @a282页@d24cm
300    @a湖南省社会科学基金立项资助 湖南省哲学社会科学成果评审委员会立项课题 南华大学出版基金资助
330    @a本书分为“引言”、“综合论”和“作家论”三部分。“引言”主要介绍选题的缘起和泛方言写作现象的研究意义;“综合论”总体上分析、梳理和论述了“文学湘军”运用方言进行文学创作的表现、动因、形式,发掘了方言与地域、地域作家群、地域文化的根性联系;“作家论”则以当代代表性的湘籍作家作品为解读对象分析泛方言在其文本中的运用。
517 1  @a现代湘籍作家“泛方言写作”现象研究@9xian dai xiang ji zuo jia“ fan fang yan xie zuo” xian xiang yan jiu
606 0  @a湘语@x文学创作@x研究@y中国@z现代
606 0  @a湘语
606 0  @a文学创作
690    @aI045@v4
701  0 @a董正宇@9dong zheng yu@f(1971~)@4著
801  0 @aCN@bNLC@c20100325
905    @b799077-81@dI045@e139@f5
    
    方言视域中的文学湘军:现代湘籍作家“泛方言写作”现象研究/董正宇著.-北京:中国社会科学出版社,2008.06
    282页;24cm
    湖南省社会科学基金立项资助 湖南省哲学社会科学成果评审委员会立项课题 南华大学出版基金资助
    
    ISBN 978-7-5004-6764-9:CNY30.00
    本书分为“引言”、“综合论”和“作家论”三部分。“引言”主要介绍选题的缘起和泛方言写作现象的研究意义;“综合论”总体上分析、梳理和论述了“文学湘军”运用方言进行文学创作的表现、动因、形式,发掘了方言与地域、地域作家群、地域文化的根性联系;“作家论”则以当代代表性的湘籍作家作品为解读对象分析泛方言在其文本中的运用。
●
相关链接 在E读中查询图书 在五车中查询图书 在当当中查询图书 在豆瓣中查询图书


正题名:方言视域中的文学湘军     索取号:I045/139         预约/预借

序号 登录号 条形码 馆藏地/架位号 状态 备注
1 799077   207990771   第一样本阅览室/ [索取号:I045/139] 在馆    
2 799078   207990780   第二借阅区/ [索取号:I045/139] 在馆    
3 799079   207990799   第二借阅区/ [索取号:I045/139] 在馆    
4 799080   207990806   第二借阅区/ [索取号:I045/139] 在馆    
5 799081   207990815   第二借阅区/ [索取号:I045/139] 在馆    
唐山师范学院图书馆 欢迎您!
大连网信软件有限公司© 版权所有